LEADER 00835naa a2200205 u 4500 001 000000094448 003 CaOOAMICUS 005 20070226130138.0 008 040426s1975 it u000 u ita u 035 $a10991932 040 $aIAR$bita 100 1 $aViolante, Cinzio,$d1921-$0(OLS)http://pul/name/1223 245 13$aLa vita comune del clero /$cCinzio Violante. 250 $a2. ed.$briveduta e accresciuta. 260 $aMilano :$bVita e pensiero,$c1975. 300 $aS. 111-126, ;$c21 cm 773 0 $aStudi culla cristianità medioevale : Società, istituzioni, spiritualità. 773 0 $aViolante, Cinzio.$tStudi sulla cristianità medioevale : società istituzioni spiritualità$w()12503 996 $6245$aLa vita comune del clero$9(OLS)http://pul/title/121316 996 $6260$aMilano :$bVita e pensiero$9(OLS)http://pul/publisher/48016 LEADER 02062nam a2200361 u 4500 001 000000074396 003 CaOOAMICUS 005 20070911123829.0 008 021206s19801992gw u000 u ger u 020 $a3161426010 035 $a10947615 040 $aPUL$bita 041 1 $ager$ager 100 0 $aPhilo Alexandrinus,$d20 a.C.-c. 45 d.C.$kOpere spurie e dubbie.$0(OLS)http://pul/name/11443 240 10$aDe Jona.$lTedesco.$0(OLS)http://pul/title/97686 245 10$aDrei hellenistisch-jüdische Predigten :$bPs.-Philon, "Über Jona", "Über Simson" und "Über die Gottesbezeichnung, wolhltätig verzehrendes Feuer" /$cÜbersetzung aus dem Armenischen und sprachliche Erläuterungen von Folker Siegert. 260 $aTübingen :$bMohr Siebeck,$c1980-1992. 300 $a2 v. ;$c24 cm. 490 1 $aWissenschaftliche Untersuchungen zum Neuen Testament ;$v20, 61 500 $aComprende indici. 504 $aBibliografia: p. [309]-336. 505 0 $a1. U?bers. aus d. Armen. u. sprachl. Erl. / von Folker Siegert -- 2. Kommentar nebst Beobachtungen zur hellenistischen Vorgeschichte der Bibelhermeneutik / von Folker Siegert. 650 4$aLetteratura ellenistica (ebraica).$0(OLS)http://pul/subject/15139 700 1 $aSiegert, Folker.$0(OLS)http://pul/name/15407 830 0$aWissenschaftliche Untersuchungen zum Neuen Testament ;$v20, 61.$0(OLS)http://pul/title/8628 850 $aPUL 852 $aPUL$W1$xSL Religione 1$y3$m16 H 20$j95964$nBK-PRI$b $qStampati$B95964$CPULBib$Z2$F95964 $H $81 852 $aPUL$W1$xSL Religione 1$y3$m16 H 61$j120992$qStampati$B120146$CPULBib$Z2$F120146 $H89579 $82 941 1 $a8 961 $aINV: 89429 996 $6020$a3161426010$9(OLS)http://pul/number/96450 996 $6245$aDrei hellenistisch-jüdische Predigten :$bPs.-Philon, "Über Jona", "Über Simson" und "Über die Gottesbezeichnung, wolhltätig verzehrendes Feuer"$9(OLS)http://pul/title/97687 996 $6260$aTübingen :$bMohr Siebeck$9(OLS)http://pul/publisher/52004